Competing in the Age of AI: Strategy and Leadership When Algorithms and Networks Run the World. (Record no. 3871)

MARC details
005 - DATE AND TIME OF LATEST TRANSACTION
control field 20250612133806.0
020 ## - INTERNATIONAL STANDARD BOOK NUMBER
International Standard Book Number 978-1-63369-762-1
082 ## - DEWEY DECIMAL CLASSIFICATION NUMBER
Classification number 658.056 IAN
100 ## - MAIN ENTRY--PERSONAL NAME
Author name IANSITI, M.
245 ## - TITLE STATEMENT
Title Competing in the Age of AI: Strategy and Leadership When Algorithms and Networks Run the World.
260 ## - PUBLICATION, DISTRIBUTION, ETC.
Place of publication, distribution, etc. Boston,
Name of publisher, distributor, etc. Harvard Business Review,
Date of publication, distribution, etc. 2020.
300 ## - PHYSICAL DESCRIPTION
Extent xxvii, 267p.: ill.; figure, table
Other physical details Index
Dimensions 25cm
700 ## - ADDED ENTRY--PERSONAL NAME
Other authors/Editors LAKHANI, K. R.
942 ## - ADDED ENTRY ELEMENTS (KOHA)
Source of classification or shelving scheme Dewey Decimal Classification
Koha item type Books
Holdings
Date last seen Total checkouts Full call number Barcode Cost, replacement price Price effective from Koha item type Lost status Source of classification or shelving scheme Damaged status Not for loan Withdrawn status Home library Current library Shelving location Date acquired Cost, normal purchase price
06/12/2025   658.056 IAN 00000012789 210446.97 06/12/2025 Books   Dewey Decimal Classification       College of Business Education Main Library College of Business Education Main Library General Collection 09/17/2024 70148.99
06/12/2025   658.056 IAN 00000012790 210446.97 06/12/2025 Books   Dewey Decimal Classification       College of Business Education Main Library College of Business Education Main Library General Collection 09/17/2024 70148.99
06/12/2025   658.056 IAN 00000012791 210446.97 06/12/2025 Books   Dewey Decimal Classification       College of Business Education Main Library College of Business Education Main Library General Collection 09/17/2024 70148.99
06/12/2025   658.056 IAN 00000012792 210446.97 06/12/2025 Books   Dewey Decimal Classification       College of Business Education Main Library College of Business Education Main Library General Collection 09/17/2024 70148.99
06/12/2025   658.056 IAN 00000012793 210446.97 06/12/2025 Books   Dewey Decimal Classification       College of Business Education Main Library College of Business Education Main Library General Collection 09/17/2024 70148.99